00628nam a22002057a 4500008004100000020001500041050002300056130005000079245008900129260003200218300001800250336001000268337001400278338001400292650002400306650001200330700003000342700002400372700002600396160602s1994 mx ||||fr|||||||1|| spa d a842419716X04aCTX412 E94V.3 19941 aEnciclopedia de las bebidas famosas del mundo10aEnciclopedia de las bebidas famosas del mundoc / Julio Herrero, J. Tola, J. Fuentes3 aEspañab: Everestc, 1994 a117 páginas atexto asin medio avolúmen14aBEBIDAS SIN ALCOHOL24aLICORES1 aHerrero, Julioetraductor1 aTola, J.etraductor1 aFuentes, Jetraductor